| 000 -LEADER |
| fixed length control field |
00387nam a2200157Ia 4500 |
| 003 - CONTROL NUMBER IDENTIFIER |
| control field |
OSt |
| 008 - FIXED-LENGTH DATA ELEMENTS--GENERAL INFORMATION |
| fixed length control field |
220308s9999 xx 000 0 und d |
| 020 ## - INTERNATIONAL STANDARD BOOK NUMBER |
| International Standard Book Number |
9781780670263 |
| 082 ## - DEWEY DECIMAL CLASSIFICATION NUMBER |
| Classification number |
740 |
| Item number |
MAR |
| 100 ## - MAIN ENTRY--PERSONAL NAME |
| Personal name |
Mary Guzowski |
| 245 #0 - TITLE STATEMENT |
| Title |
Towards Zero Energy |
| 260 ## - PUBLICATION, DISTRIBUTION, ETC. (IMPRINT) |
| Name of publisher, distributor, etc |
Laurence King Publishing; Reprint edition (1 August 2012) |
| 365 ## - TRADE PRICE |
| Price type code |
USD |
| 365 ## - TRADE PRICE |
| Unit of pricing |
29.95 |
| 942 ## - ADDED ENTRY ELEMENTS (KOHA) |
| Source of classification or shelving scheme |
|